Multiple Choice Food Quiz - Hamburger - Statistics

General Stats
  • This quiz has been taken 126 times
  • The average score is 8 of 10
Answer Stats
Question Answer % Correct
What is a hamburger with cheese on it called? Cheeseburger
98%
What is typically on a hamburger bun at fast food places like McDonald's? Sesame Seeds
98%
What is another name for the hamburger meat Patties
97%
What animal are typical hamburgers made out of? Cow
94%
What disease could be on raw hamburger meat? E-coli
89%
What country is Hamburg in which the name Hamburger is thought to have originated Germany
88%
What name did the US give hamburgers during WW2? Liberty Sandwiches
68%
How many hamburger buns are on a McDonald's Big Mac? 3
53%
Who bought the McDonald's company from the McDonald Brothers? Ray Kroc
53%
The USDA requires hamburgers to be cooked at what temperature until well done? 160 F
29%
No matching quizzes found
Score Distribution
Percent of People with Each Score
Percentile by Number Answered
Your Score History
You have not taken this quiz